საქართველოს სახელმწიფოსა და სამართლის ისტორია : (ბიბ.ჩანაწერი № 36274)
[ მარტივი ფორმატი ]
| 000 -ლიდერი | |
|---|---|
| ფიქსირებული სიგრძის საკონტროლო ველი | 01127nam a2200241Ia 4500 |
| 001 - საკონტროლო ნომერი | |
| საკონტროლო ველი | 2181 |
| 003 - საკონტროლო ნომრის იდენტიფიკატორი | |
| საკონტროლო ველი | GE_BSU |
| 005 - ბოლო ოპერაციის თარიღი და დრო | |
| საკონტროლო ველი | 20190508205551.0 |
| 008 - ფიქსირებული სიგრძის მონაცემთა ელემენტები - ზოგადი ინფორმაცია | |
| ფიქსირებული სიგრძის საკონტროლო ველი | 181216s||||||||xx |||||||||||||| ||und|| |
| 020 ## - წიგნის საერთაშორისო სტანდარტული ნომერი | |
| International Standard Book Number | 9992896993 |
| 040 ## - კატალოგიზაციის წყარო | |
| Transcribing agency | GE_BSU |
| 041 ## - ენის კოდი | |
| Language code of text/sound track or separate title | geo |
| 080 ## - უნივერსალური ათობითი კლასიფიკაციის ინდექსი | |
| Universal Decimal Classification number | 340.1 გ–61 |
| 100 ## - მთავარი ჩანაწერი - პიროვნების სახელი | |
| Personal name | გოგოლიშვილი, ოთარ |
| 9 (RLIN) | 930 |
| 245 ## - ცნობა სათაურის შესახებ | |
| Title | საქართველოს სახელმწიფოსა და სამართლის ისტორია : |
| Remainder of title | მოკლე სალექციო კურსი / |
| Statement of responsibility, etc | ოთარ გოგოლიშვილი, ბესიკ ბერიძე ; რედ. ნუგზარ ფუტკარაძე |
| 264 ## - წარმოების, გამოცემის, დისტრიბუციის და სხვა ცნობები | |
| გამოცემის, წარმოების, დისტრიბუციის... ადგილი | ბათუმი : |
| გამოცემის, წარმოების, დისტრიბუციის... სახელწოდება | ბათუმის უნ–ტი, |
| გამოცემის, წარმოების, დისტრიბუციის... თარიღი | 2003. |
| 300 ## - ფიზიკური აღწერა | |
| Extent | 186 გვ. |
| Other physical details | 19 სმ. |
| 653 ## - INDEX TERM--UNCONTROLLED | |
| Uncontrolled term | სამართალი |
| 653 ## - INDEX TERM--UNCONTROLLED | |
| Uncontrolled term | სამართლის ისტორია |
| 700 ## - ADDED ENTRY--PERSONAL NAME | |
| Personal name | ბერიძე, ბესიკ |
| Relator term | ავტორი |
| 9 (RLIN) | 931 |
| 700 ## - ADDED ENTRY--PERSONAL NAME | |
| Personal name | ფუტკარაძე, ნუგზარ |
| Relator term | რედაქტორი |
| 9 (RLIN) | 249 |
| 942 ## - ADDED ENTRY ELEMENTS (KOHA) | |
| Koha item type | წიგნი |
| Source of classification or shelving scheme | |
| ჩამოწერის სტატუსი | დაკარგული ეგზემპლარის სტატუსი | კლასიფიკაციის წყარო ან თაროზე გაწყობის სქემა | დაზიანების სტატუსი | არ გაიცემა | მუდმივი მდებარეობა (დაცვის ადგილი) | ამჟამინდელი ადგილსამყოფელი | თაროზე განთავსების ადგილი | შეძენის თარიღი | ღირებულება, შესყიდვის ნორმალური ფასი | სრული შენახვის შიფრი | შტრიხკოდი | ბოლო ოპერაციის თარიღი | ეგზემპლარის მიმდევრობითი ნომერი (კეტერი?) | ფასის ძალაში შესვლის თარიღი | ეგზემპლარის სახეობა | საჯარო შენიშვნა |
|---|---|---|---|---|---|---|---|---|---|---|---|---|---|---|---|---|
| ბათუმის შოთა რუსთაველის სახელმწიფო უნივერსიტეტის მთავარი ბიბლიოთეკა | ბათუმის შოთა რუსთაველის სახელმწიფო უნივერსიტეტის მთავარი ბიბლიოთეკა | წიგნსაცავი | 2018-12-17 | 7.00 | 340.1 გ-61 | 4182 | 2018-12-17 | 4182 | 2018-12-17 | წიგნი | 7 ლ. | |||||
| ბათუმის შოთა რუსთაველის სახელმწიფო უნივერსიტეტის მთავარი ბიბლიოთეკა | ბათუმის შოთა რუსთაველის სახელმწიფო უნივერსიტეტის მთავარი ბიბლიოთეკა | წიგნსაცავი | 2019-05-08 | 8.00 | 34(479.22)(09) გ-61 | 28859 | 2019-05-08 | 28859 | 2019-05-08 | წიგნი | 8 ლ. | |||||
| ბათუმის შოთა რუსთაველის სახელმწიფო უნივერსიტეტის მთავარი ბიბლიოთეკა | ბათუმის შოთა რუსთაველის სახელმწიფო უნივერსიტეტის მთავარი ბიბლიოთეკა | წიგნსაცავი | 2019-05-08 | 8.00 | 340.1 გ–61 | 29009 | 2019-05-08 | 29009 | 2019-05-08 | წიგნი | 8 ლ. | |||||
| ბათუმის შოთა რუსთაველის სახელმწიფო უნივერსიტეტის მთავარი ბიბლიოთეკა | ბათუმის შოთა რუსთაველის სახელმწიფო უნივერსიტეტის მთავარი ბიბლიოთეკა | წიგნსაცავი | 2019-05-08 | 8.00 | 340.1 გ-61 | 29008 | 2019-05-08 | 29008 | 2019-05-08 | წიგნი | 8 ლ. | |||||
| ბათუმის შოთა რუსთაველის სახელმწიფო უნივერსიტეტის მთავარი ბიბლიოთეკა | ბათუმის შოთა რუსთაველის სახელმწიფო უნივერსიტეტის მთავარი ბიბლიოთეკა | წიგნსაცავი | 2019-05-08 | 8.00 | 340.1 გ-61 | 29010 | 2019-05-08 | 29010 | 2019-05-08 | წიგნი | 8 ლ. | |||||
| ტექნოლოგიური ფაკულტეტის ბიბლიოთეკა | ტექნოლოგიური ფაკულტეტის ბიბლიოთეკა | წიგნსაცავი | 2018-12-17 | 10.00 | 342(479.22) გ-61 | 12416 | 2018-12-17 | 12416 | 2018-12-17 | წიგნი | 10 ლ. |
